| 000 | 01415namaa22003371i 4500 | ||
|---|---|---|---|
| 003 | EG-GICUC | ||
| 005 | 20260303135454.0 | ||
| 008 | 260303s1998 ua ||||jr|||| 00| 0cara d | ||
| 017 |
_a98 / 9536 _bدار الكتب والوثائق القومية(مصر) |
||
| 020 | _a9775250196 | ||
| 040 |
_aEG-GiCUC _bara _cEG-GiCUC _dEG-GiCUC _erda |
||
| 082 | 0 | 4 |
_221 _a258.4092 _bF239 |
| 092 | 0 | 4 |
_221 _a258.4092 _bF239 |
| 099 | _a258.4092 F239 | ||
| 100 | 1 |
_aابن الفراء، أبو يعلى محمد بن الحسين، _d990-1066 _eمؤلف. |
|
| 245 | 1 |
_aطبقات الفقهاء الحنابلة / _cتأليف أبى الحسين محمد بن أبى يعلى البغدادى الحنبلى ؛ تحقيق د. على محمد عمر |
|
| 250 | _aالطبعة الاولى | ||
| 264 |
_aالقاهرة : _bمكتبة الثقافة الدينية، _c1998. |
||
| 300 |
_a؛ 2 مجلد _c24 سم |
||
| 336 |
_2rdacontent _atext |
||
| 337 |
_2rdamedia _aUnmediated |
||
| 338 |
_2rdacarrier _avolume |
||
| 504 | _aيشتمل على ارجاعات ببليوجرافية | ||
| 541 |
_aد. جابر عصفور ؛ _bالقاهرة ؛ _cإهداء ؛ _d2024. |
||
| 650 | 1 | 7 |
_aالفقه الحنبلى _vتراجم _2qrmak |
| 650 | 1 | 7 |
_aطبقات رواة الحديث و حفاظه _2qrmak |
| 651 | 1 | _2qrmak | |
| 700 | 1 |
_aعمر، على محمد _eمحقق. |
|
| 905 | _aHuda | ||
| 942 |
_2ddc _cBK _e21 _n0 |
||
| 999 |
_c178847 _d178847 |
||